000 00328nam a22001097a 4500
999 _c18052
_d18052
008 230331b ||||| |||| 00| 0 eng d
245 _aNPC shuts down 26 online lending firms /
260 _aPhilippines :
_bManila Bulletin,
_cOctober 22, 2019.
300 _a1 page.
650 _aFinancial institution.
_948330
942 _2ddc
_cPER